| 000 | 00508nam a22001817a 4500 | ||
|---|---|---|---|
| 005 | 20251108164142.0 | ||
| 008 | 250721s2001 xx 000 0 ara d | ||
| 082 | 1 | 4 | _a811.9563/اسك |
| 100 | 1 | _aاسكندر، غريب | |
| 245 | 1 | 0 | _aسواد باسق / |
| 264 | 1 |
_aبيروت : _bالمؤسسة العربية للدراسات، _c2001. |
|
| 300 | _a391ص. | ||
| 650 | 1 | 7 | _aالأدب العربي |
| 650 | 1 | 7 | _aالشعر العربي |
| 650 | 1 | 7 | _aالعراق |
| 942 |
_2ddc _cBK |
||
| 999 |
_c4946 _d4946 |
||